| 000 | 00558nam a2200217Ia 4500 | ||
|---|---|---|---|
| 003 | OSt | ||
| 005 | 20230427154304.0 | ||
| 008 | 210423s1989 xx 000 0 und d | ||
| 020 | _a8120811852 | ||
| 040 | _cAL | ||
| 041 | _aeng | ||
| 082 | _a615.53 SVOR | ||
| 100 |
_aSVOBODA (Robert). _994312 |
||
| 245 | _aYour ayurvedic constitution prakruti. | ||
| 260 |
_aNew Delhi _bMotilal Banarsidass _c1989 |
||
| 300 |
_a206 _bPB |
||
| 365 |
_b160 _cINR |
||
| 650 |
_aPharmacology _994313 |
||
| 906 | _aayurvedic ; constitution ; prakruti | ||
| 942 |
_2ddc _cBK |
||
| 999 |
_c162774 _d162774 |
||